000 00580cam a2200205 4500
008 090401t1989 xxu||||| |||| 00| 0 eng d
020 _a1854310232
035 _a(Sirsi) u20370
041 _aeng
050 _a346.410482
100 _aDworkin, Gerald
245 _aBlackstone`s guide to the Copyright Designs and Patents Act 1988 : the law of copyright and related rights
260 _aLondon
_bBlackstone Press Limited
_c1989
300 _ax,454p. ; 22cm.
350 _a18.95
650 _aPATENTS
700 _aTaylor, Richard D
942 _n0
948 _c04/03/1997
999 _c87810
_d87810